[Event "Muensterland Verbandsklasse playoff 1-4"]
[Site "Germany"]
[Date "2023.04.22"]
[Round "2.5"]
[White "May, Peter"]
[Black "Schmerling, Janek"]
[Result "0-1"]
[WhiteElo "1598"]
[BlackElo "1706"]
[PlyCount "48"]
[EventDate "2022.03.11"]
[EventType "team-k.o."]
[EventRounds "2"]
[EventCountry "GER"]
[SourceTitle "EXT 2024"]
[Source "ChessBase"]
[SourceDate "2023.10.10"]
[SourceVersion "1"]
[SourceVersionDate "2023.10.10"]
[SourceQuality "1"]
[WhiteTeam "Hiltrup"]
[BlackTeam "Ochtrup"]
[WhiteTeamCountry "GER"]
[BlackTeamCountry "GER"]

1. e4 e5 2. Bc4 Nf6 3. d3 Bc5 4. Nc3 0-0 5. f4 b5 6. fxe5 bxc4 7. exf6 Qxf6 8. Nf3 Re8 9. Nd5 Qc6 10. Ne3 cxd3 11. cxd3 d5 12. d4 Bb4+ 13. Bd2 dxe4 14. Ne5 Qb6 15. 0-0 Ba6 16. Qa4 Nc6 17. Bxb4 Nxb4 18. Rxf7 Rxe5 19. Qb3 Re6 20. Rd7 Nd3 21. Qd5 Qc6 22. Rxc7 Qxd5 23. Nxd5 e3 24. Ne7+ Kh8 0-1

[Event "Muensterland Verbandsklasse 1920"]
[Site "Germany"]
[Date "2020.01.18"]
[Round "5.4"]
[White "Schmerling, Janek"]
[Black "Reinhold, Klaus"]
[Result "1/2-1/2"]
[WhiteElo "1676"]
[BlackElo "1823"]
[PlyCount "58"]
[EventDate "2019.09.14"]
[EventType "team-tourn"]
[EventRounds "7"]
[EventCountry "GER"]
[SourceTitle "EXT 2023"]
[Source "ChessBase"]
[SourceDate "2022.10.05"]
[SourceVersion "1"]
[SourceVersionDate "2022.10.05"]
[SourceQuality "1"]
[WhiteTeam "Ochtrup"]
[BlackTeam "Gronau II"]
[WhiteTeamCountry "GER"]
[BlackTeamCountry "GER"]

1. e4 e5 2. Nf3 Nc6 3. d4 exd4 4. Nxd4 Nf6 5. Nxc6 bxc6 6. e5 Qe7 7. Qe2 Nd5 8. c4 Ba6 9. b3 g6 10. g3 Bg7 11. Bb2 0-0 12. Bg2 Rfe8 13. 0-0 Nb6 14. Re1 Rab8 15. Nd2 Na4 16. Bd4 c5 17. Be3 Nc3 18. Qd3 Qxe5 19. Qxd7 Qd6 20. Qxd6 cxd6 21. Kf1 Bb7 22. Bf4 Bxg2+ 23. Kxg2 Be5 24. Bxe5 Rxe5 25. Rxe5 dxe5 26. Kf3 f5 27. Rc1 Rd8 28. Rxc3 Rxd2 29. a4 e4+ 1/2-1/2

[Event "Muensterland Verbandsklasse 1920"]
[Site "Germany"]
[Date "2019.12.07"]
[Round "4.3"]
[White "Schmerling, Janek"]
[Black "Sicking, Norbert"]
[Result "1-0"]
[WhiteElo "1676"]
[BlackElo "1756"]
[PlyCount "71"]
[EventDate "2019.09.14"]
[EventType "team-tourn"]
[EventRounds "7"]
[EventCountry "GER"]
[SourceTitle "EXT 2023"]
[Source "ChessBase"]
[SourceDate "2022.10.05"]
[SourceVersion "1"]
[SourceVersionDate "2022.10.05"]
[SourceQuality "1"]
[WhiteTeam "Ochtrup"]
[BlackTeam "Heiden"]
[WhiteTeamCountry "GER"]
[BlackTeamCountry "GER"]

1. e4 d6 2. d4 g6 3. c4 Bg7 4. Nc3 Nf6 5. Be2 0-0 6. h3 c6 7. f4 Ne8 8. Nf3 Qc7 9. 0-0 Nd7 10. Be3 e5 11. Qd2 Nef6 12. f5 Nh5 13. dxe5 dxe5 14. Kf2 Nf4 15. g3 Nxe2 16. Kxe2 Nb6 17. Bh6 f6 18. fxg6 hxg6 19. Bxg7 Kxg7 20. c5 Nc4 21. Qc1 Be6 22. b3 Na5 23. g4 Qe7 24. Qe3 Rh8 25. Rh1 Rh7 26. Kf2 Rah8 27. Kg2 g5 28. Ne2 Rd8 29. Ng3 Rd7 30. Nd2 Qd8 31. Rad1 Rd3 32. Qe2 Kg6 33. Nf5 b6 34. Nd6 Rd4 35. N2c4 bxc5 36. Nf5 1-0

[Event "Muensterland Verbandsklasse 1920"]
[Site "Germany"]
[Date "2019.09.14"]
[Round "1.5"]
[White "Junk, Andreas"]
[Black "Schmerling, Janek"]
[Result "1/2-1/2"]
[WhiteElo "1728"]
[BlackElo "1676"]
[PlyCount "45"]
[EventDate "2019.09.14"]
[EventType "team-tourn"]
[EventRounds "7"]
[EventCountry "GER"]
[SourceTitle "EXT 2023"]
[Source "ChessBase"]
[SourceDate "2022.10.05"]
[SourceVersion "1"]
[SourceVersionDate "2022.10.05"]
[SourceQuality "1"]
[WhiteTeam "Hiltrup"]
[BlackTeam "Ochtrup"]
[WhiteTeamCountry "GER"]
[BlackTeamCountry "GER"]

1. e4 e5 2. Nf3 Nc6 3. d3 Bc5 4. Nc3 d6 5. g3 Bg4 6. Bg2 Qd7 7. Na4 0-0-0 8. c3 f5 9. h3 fxe4 10. dxe4 Bh5 11. Nxc5 dxc5 12. Qxd7+ Rxd7 13. Be3 b6 14. 0-0 Nf6 15. Nh4 Na5 16. g4 Bf7 17. Nf5 Be6 18. b3 c4 19. b4 Nb7 20. g5 Nh5 21. Rfd1 Rhd8 22. Bf3 g6 23. Bxh5 1/2-1/2

[Event "Muensterland Verbandsklasse 1516"]
[Site "Germany"]
[Date "2016.05.28"]
[Round "9.5"]
[White "Cvetkovic, Reinhard"]
[Black "Schmerling, Janek"]
[Result "0-1"]
[WhiteElo "1683"]
[BlackElo "1664"]
[PlyCount "48"]
[EventDate "2015.09.19"]
[EventType "team"]
[EventRounds "9"]
[EventCountry "GER"]
[SourceTitle "EXT 2017"]
[Source "ChessBase"]
[SourceDate "2016.10.25"]
[SourceVersion "1"]
[SourceVersionDate "2016.10.25"]
[SourceQuality "1"]
[WhiteTeam "Raesfeld Erle II"]
[BlackTeam "Ochtrup"]
[WhiteTeamCountry "GER"]
[BlackTeamCountry "GER"]

1. e4 e5 2. Nf3 Nc6 3. Bc4 Nf6 4. Ng5 d5 5. exd5 Na5 6. Bb5+ c6 7. dxc6 bxc6 8. Be2 h6 9. Nf3 Bd6 10. d4 e4 11. Ne5 0-0 12. 0-0 Qc7 13. Bf4 Nd5 14. Bg3 f5 15. c4 f4 16. cxd5 fxg3 17. Nc3 gxh2+ 18. Kh1 Bxe5 19. dxe5 Qxe5 20. Qa4 Nb7 21. dxc6 Nc5 22. Qa5 Rb8 23. b4 Qxc3 24. bxc5 Qxa5 0-1

[Event "Muensterland Verbandsklasse 1516"]
[Site "Germany"]
[Date "2016.01.23"]
[Round "5.6"]
[White "Schmerling, Janek"]
[Black "Herding, Rudolf"]
[Result "1-0"]
[WhiteElo "1664"]
[BlackElo "1568"]
[PlyCount "79"]
[EventDate "2015.09.19"]
[EventType "team"]
[EventRounds "9"]
[EventCountry "GER"]
[SourceTitle "EXT 2017"]
[Source "ChessBase"]
[SourceDate "2016.10.25"]
[SourceVersion "1"]
[SourceVersionDate "2016.10.25"]
[SourceQuality "1"]
[WhiteTeam "Ochtrup"]
[BlackTeam "Nordwalde"]
[WhiteTeamCountry "GER"]
[BlackTeamCountry "GER"]

1. e4 c5 2. d4 cxd4 3. c3 e6 4. cxd4 Bb4+ 5. Bd2 Bxd2+ 6. Nxd2 Ne7 7. Ngf3 d5 8. Bd3 Nbc6 9. 0-0 0-0 10. Rc1 Ng6 11. Nb3 Nb4 12. Bb1 b6 13. a3 dxe4 14. Bxe4 Nd5 15. Ne5 Nxe5 16. dxe5 Ba6 17. Re1 Rc8 18. Qh5 h6 19. Nd2 Rxc1 20. Rxc1 Nf4 21. Qd1 Ne2+ 22. Kh1 Nxc1 23. Qxc1 Qg5 24. Qe1 Rc8 25. h3 g6 26. Nb3 Qxe5 27. Qb4 Rd8 28. Bf3 Qd6 29. Qa4 Qd3 30. Qh4 h5 31. Be2 Qb1+ 32. Kh2 Bxe2 33. Qxd8+ Kh7 34. Qc7 Qxb2 35. Qxf7+ Kh6 36. Qxe6 Qxa3 37. Nd4 Bd3 38. h4 Qc1 39. Qe5 Qd2 40. Qh8# 1-0

[Event "Muensterland Verbandsklasse 1415"]
[Site "Germany"]
[Date "2015.02.07"]
[Round "6.7"]
[White "Jonas, Robert"]
[Black "Schmerling, Janek"]
[Result "1-0"]
[WhiteElo "1684"]
[BlackElo "1649"]
[PlyCount "87"]
[EventDate "2014.09.13"]
[EventType "team-tourn"]
[EventRounds "9"]
[EventCountry "GER"]
[SourceTitle "EXT 2016"]
[Source "ChessBase"]
[SourceDate "2015.10.08"]
[SourceVersion "1"]
[SourceVersionDate "2015.10.08"]
[SourceQuality "1"]
[WhiteTeam "Ibbenbueren"]
[BlackTeam "Ochtrup"]
[WhiteTeamCountry "GER"]
[BlackTeamCountry "GER"]

1. e4 e5 2. Nf3 Nc6 3. Bc4 Nf6 4. Ng5 d5 5. exd5 b5 6. Bf1 Nxd5 7. Bxb5 Bb7 8. Qf3 f6 9. Ne6 Qd6 10. Qxd5 Qxd5 11. Nxc7+ Kd8 12. Nxd5 Nd4 13. Ne3 Nxb5 14. 0-0 Rc8 15. c4 Nd4 16. Nc3 Ba6 17. b3 Bc5 18. Ne4 Bb6 19. Ba3 Rc6 20. Nd5 Kd7 21. Nb4 f5 22. Nxc6 Kxc6 23. Nc3 Nc2 24. Bb2 Nxa1 25. Bxa1 Rd8 26. Nd5 Re8 27. Re1 Kd6 28. d4 e4 29. Nb4 Ba5 30. Bc3 Bb7 31. Rc1 g6 32. Bd2 Kd7 33. a3 Rc8 34. Be3 Bxb4 35. axb4 a6 36. Ra1 Rb8 37. d5 Bc8 38. Bc5 Kc7 39. Kf1 Kb7 40. Ra5 Bd7 41. b5 axb5 42. Ra7+ Kc8 43. Bd6 bxc4 44. Rc7+ 1-0